000 00478nam a2200157Ia 4500
008 210716s2004 xx 000 0 und d
020 _a0321270126
041 _aeng
082 _a658.4038 ELLG
100 _aElliott, Geoffrey.
245 _aGlobal business information technology: an integrated systems approach.
_bIntegrated systems approach
250 _a1
260 _aNew York
_bPearson Education
_c2004
300 _axvi,503
650 _aManagement Information Systems
999 _c198174
_d198174